Сонце над верховиною (Запис № 17411)

000 -Маркер запису
Контрольне поле сталої довжини 01266nam a22002417a 4500
003 - Належність контрольного номера
Контрольне поле Uzh_bibl
008 - Кодовані дані
Контрольне поле сталої довжини 260420b |||||||| |||| 00| 0 ukr d
020 ## - Індекс ISBN
Ціна 12,95
040 ## - Джерело каталогіз.
Код мови каталог. укр.
041 ## - Код мови видання
Код мови оригіналу українська
Код мови тексту українська
080 ## - Індекс УДК
Індекс УДК 087,5
090 ## - Шифри
Поличний індекс 087,5
Авторський знак Л 15
100 ## - Автор
Автор Ладижець, Володимир
245 ## - Назва
Назва Сонце над верховиною
Відповідальність Мал.Амброза Жуковського
Фізичний носій Текст
260 ## - Вихідні дані
Місце видання Київ
Видавництво "Веселка"
Дата видання 1979
300 ## - Фізичний опис
Обсяг 32 с.
Ілл./тип відтвор. іл.
520 ## - Анотація
Анотація До збірки відомого українського радянського поета Володимира Ладижця ввійшли вірші про дружбу братерської сім'ї народів СРСР, про красу рідної природи, про велике щастя, яке принесло людям на західноукраїнські землі возз'єднання в одній великій і вільній державі.
521 ## - Примітка про цільове призначення
Примітка про цільове призначення Для молодшого шкільного віку
546 ## - Примітка про мову
Примітка про мову укр.
653 ## - Ключові слова
Ключові слова Мамина ланка
-- Коваль
-- Біля нашого села
655 ## - Термін індексування — жанр/форма
Жанр/форма Художня література
Типове ділення Вірші
942 ## - ADDED ENTRY ELEMENTS (KOHA)
Джерело класифікації чи схема поличного розташування
Koha item type Книги
Фонди
Статус вилучення Статус втрати/відсутності Джерело класифікації чи схема поличного розташування Статус пошкодження Тип обігу (не для випозичання) Постійне розташування Поточне розташування Розташування у відділі Дата надходження Інвентарний номер Total Checkouts Повний (примірниковий) шифр зберігання Штрих-код Date last seen Дата, для якої чинна ціна заміни Тип одиниці (рівень примірника)
          Бібліотека-філія №2 Бібліотека-філія №2 Абонемент молодший відділ 20/04/2026 3143   087.5 19785 20/04/2026 20/04/2026 Книги

Працює на АБІС Коха